00432nam a22001217a 4500003000900000005001700009008004100026040001300067245010100080260004000181300001700221520007200238IT-RoPau20220918181106.0130524b xxu||||| |||| 00| 0 eng d cIT-RoPau aMio canto è€ il Signore.bCanti per le musiche della FP, Musiche per l'accompagnamento d'organo aRomabSSP Comunità€ Junioresc1985 aS.n.pc31 cm aIndice Parti proprie della S. Messa Liturgia delle Ore Altri canti